All US States by Percentage of Population in Capital - Statistics

General Stats
  • This quiz has been taken 32 times
  • The average score is 19 of 50
Answer Stats
Percentage Capital's Population State % Correct
22.48 1,607,739 Arizona
91%
24.12 350,943 Hawaii
86%
12.39 715,522 Colorado
68%
1.32 522,754 California
64%
13.08 887,752 Indiana
64%
4.40 32,255 Alaska
59%
12.81 235,670 Idaho
59%
7.68 905,672 Ohio
59%
3.29 959,549 Texas
59%
17.34 190,284 Rhode Island
55%
11.28 65,096 Wyoming
55%
4.65 498,602 Georgia
50%
14.84 291,114 Nebraska
50%
17.21 681,387 Oklahoma
50%
1.25 8,026 Vermont
50%
9.62 676,216 Massachusetts
45%
0.39 50,090 Pennsylvania
45%
9.98 689,504 Tennessee
45%
6.07 198,746 Utah
41%
1.12 112,954 Michigan
36%
5.46 311,448 Minnesota
36%
0.98 90,857 New Jersey
36%
0.49 99,345 New York
36%
4.48 467,592 North Carolina
36%
6.72 202,514 Arkansas
32%
4.00 39,614 Delaware
32%
0.91 196,068 Florida
32%
6.71 214,137 Iowa
32%
0.64 28,641 Kentucky
32%
1.39 18,920 Maine
32%
0.70 42,969 Missouri
32%
2.98 32,257 Montana
32%
4.55 268,414 Wisconsin
32%
0.89 114,461 Illinois
27%
4.31 126,515 Kansas
27%
4.83 225,128 Louisiana
27%
9.45 73,651 North Dakota
27%
0.66 40,788 Maryland
23%
5.19 153,643 Mississippi
23%
1.89 58,639 Nevada
23%
4.13 87,497 New Mexico
23%
2.68 137,300 South Carolina
23%
1.59 14,074 South Dakota
23%
2.63 226,610 Virginia
23%
0.72 55,435 Washington
23%
3.99 200,567 Alabama
18%
3.17 43,694 New Hampshire
18%
4.14 175,432 Oregon
18%
2.72 48,864 West Virginia
18%
3.36 121,219 Connecticut
9%
No matching quizzes found
Score Distribution
Percent of People with Each Score
Percentile by Number Answered
Your Score History
You have not taken this quiz